000 00277 a2200145 4500
001 172611
020 _a
040 _cMagnum
100 _aMálus
240 1 0 _aO sapato do sapo
_lpor
245 1 0 _aO sapato do sapo
362 0 _a1899
697 _aI/ANIMAIS
942 _cBK
999 _c172611
_d172611